我絕對絕對不吃蕃茄

資料類型: Book 圖書   書目號:53064

Leader xxxxxxxxxx
001 __ 102593/7/01
005 __ 20190417142321.991
010 0_ |a978-957-762-435-2|b精裝|d新臺幣280元
050 __ |a001810294|z101891542
100 __ |a20190417d2018    k  y0chiy50      e
101 1_ |achi|ceng
102 __ |atw
105 __ |aa   z   000fy
200 1_ |a我絕對絕對不吃蕃茄|f蘿倫.柴爾德文.圖|g賴慈芸翻譯
205 __ |a初版
210 __ |a臺北市|c上誼文化|d2018[民107]
215 0_ |a1冊|c部分彩圖|d29公分
225 12 |a查理和蘿拉系列
300 __ |a查理和蘿拉領銜主演
300 __ |a國語注音
527 11 aI will not ever never eat a tomato|zeng
606 __ |2cst|a英國兒童文學
700 _1 |a柴爾德|c(Child, Lauren)|4文.圖
702 _1 |a|b慈芸|4750 _1 |aChild|bLauren
681 __ |a873.59|b8835
801 _0 |atw|bLibDipper|c20190417|gCCR
詳細館藏(共 1 筆)
索 書 號登 錄 號冊次號館別 / 館藏地流通類型狀態加入預約清單電子資源
873.59 / 8835 1025937  圖書館 / 二樓繪本專區 可外借30天 在館   

| 條列資料




目錄查詢 分類查詢 個人資料 圖書薦購 新書查詢 閉館日 排行榜 更多電子資源 Hami書城 線上資料庫 登出

From : 216.73.216.116

  本日流通累計至 22:48:23 借閱 : 0 次 續借 : 0 次 歸還 : 0 次 預約 : 0 次 電子資源 : 0 次


內湖高中圖書館  PCLIS 版本  25.5.0.2